La historia de la salvación / (Record no. 106563)

MARC details
000 -LEADER
campo de control de longitud fija 00686nam a2200205 i 4500
001 - NÚMERO DE CONTROL
campo de control 106563
003 - IDENTIFICADOR DE NÚMERO DE CONTROL
campo de control ES-MaACL
005 - FECHA Y HORA DE LA ÚLTIMA TRANSACCIÓN
campo de control 20250627063644.0
008 - DATOS DE LONGITUD FIJA--INFORMACIÓN GENERAL
campo de control de longitud fija 190702s1967 sp ||||1| spa d
100 1# - ENTRADA PRINCIPAL--NOMBRE DE PERSONA
Nombre de persona Cullmann, Oscar,
Fechas asociadas al nombre 1902-1999
9 (RLIN) 42150
245 13 - MENCIÓN DEL TÍTULO
Título La historia de la salvación /
Mención de responsabilidad, etc. Oscar Cullmann ; [traducción de Victor Bazterrica].
260 ## - PUBLICACIÓN, DISTRIBUCIÓN, ETC.
Lugar de publicación, distribución, etc. Madrid :
Nombre del editor, distribuidor, etc. Península,
Fecha de publicación, distribución, etc. 1967.
300 ## - DESCRIPCIÓN FÍSICA
Extensión 431 p. ;
Dimensiones 20 cm.
490 1# - MENCIÓN DE SERIE
Mención de serie Colección Pensamiento Cristiano ;
Designación de volumen o secuencia 10
650 04 - PUNTO DE ACCESO ADICIONAL DE MATERIA--TÉRMINO DE MATERIA
Término de materia o nombre geográfico como elemento de entrada Salvación.
9 (RLIN) 16978
700 0# - ENTRADA AGREGADA--NOMBRE PERSONAL
Nombre de persona Bazterrica, Victor.
9 (RLIN) 26756
830 0# - PUNTO DE ACCESO ADICIONAL DE SERIE-TÍTULO UNIFORME
Título uniforme Colección pensamiento cristiano
Designación de volumen o secuencia 10
9 (RLIN) 179624
852 ## - LOCALIZACIÓN
Ubicación ES-MaACL
Número de control de estantería P-618-Ter-7
Holdings
Estatus retirado Estado de pérdida Estado de daño No para préstamo Biblioteca de origen Biblioteca actual Ubicación en estantería Fecha de adquisición Fuente de adquisición Total de préstamos Signatura topográfica completa Código de barras Visto por última vez Precio de reemplazo Tipo de ítem Koha
        Biblioteca del Ateneo de Madrid Biblioteca del Ateneo de Madrid Depósito 2 02/07/2019     P-618-Ter-7 1200964 23/02/2023 23/02/2023 Libro impreso